000 00651nam a22002297a 4500
001 000410
003 DO-SdBNP
005 20180125121553.0
007 000410
008 160721b 1991 nyu ||||| |||| 00| 0 spa d
020 _a0590435000
040 _aBPMSU
_bspa
_cBPMSU
092 _axxxxx
_bxxxxx
100 1 _aShura, Mary Francis
245 1 0 _aGentle Annie :
_bthe true story of a Civil War nurse /
_cMary Francis Shura.
260 _aNew York :
_bScholastic,
_c1991.
300 _a184 p. ;
_c22 cm.
500 _aAn apple paperback
942 _2ddc
_cBK
945 _ainventariado, 2018 / dg
956 _2LOPEREZ
_310
_620160721
_8BPMSU
_a00041
999 _c10993
_d10993